[Event "St Veit op"]
[Site "St Veit"]
[Date "1995.??.??"]
[Round "7"]
[White "Mazi, Leon"]
[Black "Muhtarov, Leonid"]
[Result "1-0"]
[WhiteElo "2360"]
[BlackElo "2175"]

1.e4 c5 2.Nf3 Nc6 3.Bb5 g6 4.O-O Bg7 5.Re1 Nf6 6.e5 Nd5 7.Nc3 Nc7 8.Bxc6 dxc6
9.d3 O-O 10.h3 Ne6 11.Ne4 h6 12.Nh2 b6 13.f4 Nd4 14.Be3 f6 15.exf6 exf6 16.Qd2 f5
17.Nf2 Qd6 18.c3 Ba6 19.Rad1 Rad8 20.Qc1 Ne6 21.Nf3 Kh7 22.Qc2 Bc8 23.Qc1 Qd7
24.b3 b5 25.Bd2 Qd6 26.Ne5 Rde8 27.Re2 a5 28.Rde1 Qc7 29.Nh1 Re7 30.Ng3 Rfe8
31.Nf1 b4 32.Nh2 Nxf4 33.Bxf4 Bxe5 34.Rxe5 Rxe5 35.Rxe5 Rxe5 36.Nf3 Qd6 37.d4 cxd4
38.Bxe5 Qd5 39.cxd4 Qe4 40.Qc5 Qe3+ 41.Kh2 g5 42.Qe7+ Kg6 43.Qe8+ Kh7 44.Qf7+  1-0

[Event "SVK-chT"]
[Site "?"]
[Date "1995.??.??"]
[Round "?"]
[White "Mrva, Vladimir"]
[Black "Salai, Ladislav"]
[Result "1/2-1/2"]
[WhiteElo "2350"]
[BlackElo "2425"]

1.e4 c5 2.Nf3 Nc6 3.Bb5 g6 4.O-O Bg7 5.c3 Nf6 6.Re1 O-O 7.h3 e5 8.d4 cxd4
9.cxd4 Nxd4 10.Nxd4 exd4 11.e5 Nd5 12.Qxd4 Qa5 13.Rd1 Nc7 14.Bc4 Bxe5 15.Qh4 d5
16.Bb3 Be6 17.Bd2 Qa6 18.Nc3 Qd6 19.Bh6 Bg7 20.Bxg7 Kxg7 21.Nxd5 Bxd5 22.Bxd5 Nxd5
23.Qd4+ Qf6 24.Qxd5 b6 25.Qd4 Qxd4 26.Rxd4 Rac8 27.Rd2 Rfd8 28.Rad1 Rxd2
29.Rxd2 Rc1+ 30.Kh2 Kf6 31.Kg3 Ra1 32.a3 Ke6 33.Kf4 f6 34.h4 Rc1 35.g3 h5
36.Kf3 g5 37.Re2+ Kf5 38.hxg5 fxg5 39.Re7 Rc2 40.Rf7+ Kg6 41.Rxa7 Rxb2 42.a4 Rb3+  1/2-1/2

[Event "SVK-chT"]
[Site "?"]
[Date "1995.??.??"]
[Round "?"]
[White "Sarkozy, Ladislav"]
[Black "Meister, Yakov"]
[Result "0-1"]
[WhiteElo "2310"]
[BlackElo "2445"]

1.e4 c5 2.Nf3 Nc6 3.Bb5 e6 4.Bxc6 bxc6 5.d3 Ne7 6.O-O Ng6 7.Re1 Be7 8.b3 e5
9.Nbd2 d6 10.Nc4 f5 11.c3 O-O 12.h3 Be6 13.Ne3 fxe4 14.dxe4 Qd7 15.Nf1 h6
16.Ng3 Rf7 17.Be3 Raf8 18.Nh2 Nf4 19.Bxf4 Rxf4 20.Re2 Qe8 21.c4 h5 22.Qe1 Qg6
23.Kh1 Bd8 24.Rd1 Bc7 25.f3 Bc8 26.Re3 R4f6 27.Red3 Qg5 28.Ngf1 Rg6 29.Ne3 Qf4
30.Nef1 Qf7 31.Ng3 Rf6 32.Qd2 Qg6 33.Qe1 Qh6 34.Nhf1 Qg5 35.Qd2 Qh4 36.Kh2 Rg6
37.Qe1 Qg5 38.Qd2 Rf4 39.Qf2 Rf8 40.Ne3 Qf4  0-1

[Event "SVK-chT"]
[Site "?"]
[Date "1995.??.??"]
[Round "?"]
[White "Franzen, Josef"]
[Black "Manik, Mikulas"]
[Result "0-1"]
[WhiteElo "2320"]
[BlackElo "2380"]

1.e4 c5 2.Nf3 Nc6 3.Bb5 e6 4.O-O Nge7 5.Re1 g6 6.c3 Bg7 7.d3 O-O 8.Qe2 b6
9.Nbd2 Bb7 10.Nf1 a6 11.Ba4 b5 12.Bc2 d5 13.e5 d4 14.Bg5 h6 15.Bh4 dxc3 16.bxc3 Qa5
17.N1d2 Qxc3 18.Ne4 Qa3 19.Nf6+ Kh8 20.Ng4 Nf5 21.Bf6 Qb4 22.d4 Ncxd4 23.Nxd4 Qxd4
24.Rad1 Qf4 25.Bxf5 exf5 26.Bxg7+ Kxg7 27.Nf6 Bc8 28.Nd5 Qc4 29.Qe3 f4 30.Nxf4 Qxa2
31.Qxc5 Qc4 32.Qe3 Bf5 33.e6 Bxe6 34.Qe5+ Kh7 35.Qf6 Bg4 36.Rd4 Qc3 37.Rf1 Rad8
38.Nxg6 Qxd4 39.Nxf8+ Kg8 40.Qxh6 Rxf8 41.Re1 Qg7 42.Qxa6 Bf3 43.g3 Qc3 44.Rf1 Bc6  0-1

[Event "SWZ-chT"]
[Site "SWZ"]
[Date "1995.??.??"]
[Round "4"]
[White "Campora, Daniel H"]
[Black "Keller, Rudolf"]
[Result "1-0"]
[WhiteElo "2550"]
[BlackElo "2285"]

1.e4 c5 2.Nf3 Nc6 3.Bb5 g6 4.O-O Bg7 5.Bxc6 bxc6 6.c3 Nf6 7.Re1 O-O 8.d4 cxd4
9.cxd4 d6 10.Nc3 Bg4 11.h3 Bxf3 12.Qxf3 Nd7 13.Be3 Qb6 14.Na4 Qb4 15.Qd1 Rab8
16.Rc1 Rfc8 17.b3 Nb6 18.Nb2 a5 19.Nc4 a4 20.Nxb6 Qxb6 21.bxa4 Qb2 22.Re2 Qa3
23.Rc4 d5 24.Bc1 Qd6 25.e5 Qd7 26.Rc3 e6 27.Ba3 Qa7 28.Bd6 Ra8 29.Rb2 Qxa4
30.Qd2 Qa7 31.Rcb3 Qa5 32.Qxa5 Rxa5 33.Rb8 Ra8 34.a4 Bf8 35.Rxc8 Rxc8 36.Rb8 Rxb8
37.Bxb8 c5 38.dxc5 Bxc5 39.a5 f6 40.exf6 Kf7 41.Be5  1-0

[Event "SWZ-chT"]
[Site "SWZ"]
[Date "1995.??.??"]
[Round "5"]
[White "Pytel, Martin"]
[Black "Brendel, Oliver"]
[Result "1-0"]
[WhiteElo "2235"]
[BlackElo "2385"]

1.e4 c5 2.Nf3 Nc6 3.Bb5 g6 4.O-O Bg7 5.Bxc6 dxc6 6.h3 c4 7.a4 b5 8.axb5 cxb5
9.Nc3 Qd7 10.d3 Bb7 11.dxc4 Qxd1 12.Rxd1 Bxc3 13.bxc3 bxc4 14.Rd4 Nf6 15.Nd2 O-O
16.f3 Rfc8 17.Nxc4 Rc7 18.Bh6 Ne8 19.Bf4 Rc5 20.Ra5 Rxa5 21.Nxa5 Ba6 22.Rd7 e6
23.c4 Nf6 24.Rd6 Bc8 25.Rd8+ Kg7 26.Be5 g5 27.c5 Kg6 28.c6 h5 29.Nc4  1-0

[Event "SWZ-chT"]
[Site "SWZ"]
[Date "1995.??.??"]
[Round "6"]
[White "Beimfohr, Uwe"]
[Black "Wirthensohn, Heinz"]
[Result "1/2-1/2"]
[WhiteElo "2135"]
[BlackElo "2385"]

1.e4 c5 2.Nf3 Nc6 3.Bb5 g6 4.O-O Bg7 5.c3 Nf6 6.Re1 O-O 7.d4 d5 8.exd5 Qxd5
9.dxc5 Qxc5 10.Na3 Rd8 11.Be3 Qh5 12.Qa4 Bd7 13.Rad1 a6 14.Be2 b5 15.Qh4 Qxh4
16.Nxh4 Rab8 17.Nc2 Be6 18.Rxd8+ Rxd8 19.a4 bxa4 20.Bxa6 Rb8 21.Bc1 Nd7 22.Nf3 Nc5
23.Bf1 Bd5 24.Ncd4 Nxd4 25.Nxd4 Bxd4 26.cxd4 Nb3 27.Bh6 e6 28.Rd1 f6 29.Bd2 Kf7
30.Bc3 Rc8 31.Rd3 h5 32.f3 Bc4 33.Re3 Bxf1 34.Kxf1 Rd8 35.Rd3 Rd5 36.Kf2 Ke7
37.Ke3 Rb5 38.Ke4 Kd6 39.Rd1 g5 40.h3 f5+ 41.Kd3  1/2-1/2

[Event "SWZ-chT"]
[Site "SWZ"]
[Date "1995.??.??"]
[Round "7"]
[White "Beimfohr, Uwe"]
[Black "Domont, Alexandre"]
[Result "0-1"]
[WhiteElo "2135"]
[BlackElo "2340"]

1.e4 c5 2.Nf3 Nc6 3.Bb5 e6 4.O-O Nge7 5.Re1 a6 6.Bf1 Ng6 7.c3 Qc7 8.d4 d6
9.Be3 Be7 10.Nbd2 O-O 11.dxc5 dxc5 12.Nb3 Rd8 13.Qc2 Na5 14.Nxa5 Qxa5 15.a4 Bd7
16.Nd2 Qc7 17.a5 Bd6 18.g3 Bb5 19.Nc4 Ne5 20.Nxe5 Bxe5 21.f3 h6 22.Qf2 Bxf1
23.Kxf1 Rac8 24.Rec1 Qc6 25.Qe2 c4 26.Rd1 Bc7 27.Rd4 Rxd4 28.cxd4 Qb5 29.Rd1 Bxa5
30.d5 exd5 31.exd5 Re8 32.d6 Qc6 33.d7 Rd8 34.Bf4 Rxd7 35.Qe8+ Kh7 36.Qxd7 Qxf3+
37.Kg1 Bb6+ 38.Rd4 Qd1+ 39.Kg2 Qxd4 40.Qxf7 Qxb2+ 41.Kh3 Qb5 42.Qxb7 Qf5+
43.Kg2 Qc2+ 44.Kh3 Bg1 45.Qxa6 Qxh2+ 46.Kg4 Qe2+ 47.Kf5 Qd3+ 48.Ke5 Bd4+
49.Kd5 Be3+ 50.Ke5 Qd4+ 51.Kf5 Qd3+ 52.Ke5 Bd4+ 53.Kd5 Bf2+ 54.Kc6 Qg6+ 55.Kb5 Qxa6+
56.Kxa6 c3 57.Kb5 g5  0-1

[Event "AUS-ch"]
[Site "Sydney"]
[Date "1995.??.??"]
[Round "11"]
[White "West, Guy"]
[Black "Feldman, Vladimir"]
[Result "1-0"]
[WhiteElo "2400"]
[BlackElo "2315"]

1.e4 c5 2.Nf3 Nc6 3.Bb5 g6 4.O-O Bg7 5.c3 d6 6.d4 Bd7 7.dxc5 dxc5 8.a4 Nf6
9.Re1 a6 10.Bf1 O-O 11.Nbd2 Rb8 12.Nb3 Qc7 13.Nxc5 Bg4 14.Nd3 Rbd8 15.h3 Be6
16.Bf4 Qb6 17.Be3 Qc7 18.Nd4 Bc4 19.f3 Nh5 20.Nxc6 bxc6 21.Qc2 Ng3 22.Rad1 Nxf1
23.Rxf1 Qb8 24.b4 a5 25.Bc5 Qg3 26.Bf2 Qb8 27.Bc5 Qg3 28.Kh1 Rd7 29.Bf2 Qc7
30.Nc5 Rd6 31.Rfe1 Rfd8 32.Rxd6 exd6 33.Nb3 axb4 34.cxb4 Be6 35.a5 Rb8 36.Bb6 Qd7
37.Kg1 Be5 38.Nc1 Bxh3 39.gxh3 Qxh3 40.Qg2 Qh4 41.Nd3 c5 42.bxc5 Bd4+ 43.Kf1 dxc5
44.e5 Bc3 45.Re4 Qh6 46.Rc4 Bd4 47.f4 Qh5 48.Ne1 Qh4 49.Nd3 Qh5 50.Ke1 Qf5
51.Kd2 Qe6 52.Rc2 Qb3 53.Qe4 Qb1 54.e6 fxe6 55.Qxe6+ Kg7 56.Bc7 Rf8 57.Rxc5 Qg1
58.Be5+ Bxe5 59.Qxe5+ Kg8 60.Rc7 Qh2+ 61.Kc3  1-0

[Event "Tel Aviv "]
[Site "Tel Aviv "]
[Date "1995.??.??"]
[Round "?"]
[White "Milavsky, Maxim"]
[Black "Kogan, Artur"]
[Result "0-1"]
[WhiteElo "2155"]
[BlackElo "2465"]

1.e4 c5 2.Nf3 Nc6 3.Bb5 e6 4.Nc3 Nge7 5.Bxc6 Nxc6 6.O-O Be7 7.d4 cxd4 8.Nxd4 d6
9.Be3 O-O 10.Qe2 Bd7 11.Rfd1 a6 12.a4 Rc8 13.Nxc6 Bxc6 14.a5 Qe8 15.f3 f5
16.exf5 Rxf5 17.Bd4 Qg6 18.Kh1 e5 19.Bg1 Qf7 20.Ne4 d5 21.Ng3 Rg5 22.Re1 Bb5
23.Qd2 Rc6 24.Be3 Rxg3 25.hxg3 d4 26.Bg5 Qh5+ 27.Bh4 Bxh4 28.gxh4 Qxh4+  0-1

[Event "Tel Aviv ASA"]
[Site "Tel Aviv"]
[Date "1995.??.??"]
[Round "5"]
[White "Sutovskij, Emil"]
[Black "Fauland, Alexander"]
[Result "1-0"]
[WhiteElo "2530"]
[BlackElo "2445"]

1.e4 c5 2.Nf3 Nc6 3.Bb5 e6 4.Bxc6 bxc6 5.O-O Ne7 6.d3 Ng6 7.Ng5 h6 8.Nh3 e5
9.f4 Be7 10.f5 Nf8 11.Nd2 d6 12.Nc4 Nh7 13.Qg4 g5 14.Qf3 Kf8 15.Nf2 Kg7 16.c3 f6
17.Ne3 Bd7 18.Rd1 Be8 19.b3 Bf7 20.d4 cxd4 21.cxd4 Qc7 22.Ba3 Rhd8 23.Rac1 Bf8
24.d5 c5 25.b4 Qb6 26.Nc4 Qa6 27.bxc5 dxc5 28.Qd3 Qa4 29.Nb2 Qa5 30.Qc3 Qb5
31.Nfd3 Rdc8 32.Nc4 Rab8 33.Ndxe5 fxe5 34.Qxe5+ Nf6 35.Bb2 Qa6 36.d6 Rxb2
37.Qxb2 Bxc4 38.e5 Bf7 39.Rb1 c4 40.exf6+ Kg8 41.Qb7 Qxb7 42.Rxb7 Rd8 43.d7 Bc5+
44.Kf1 Bb6 45.Rd6 Kh7 46.Re6 c3 47.Ke2 Bd4 48.Re8  1-0

[Event "JUG-chT"]
[Site "Tivat"]
[Date "1995.??.??"]
[Round "1"]
[White "Grujic, Zoran"]
[Black "Ujhazi, Ivan"]
[Result "1-0"]
[WhiteElo "2305"]
[BlackElo "2285"]

1.e4 c5 2.Nf3 Nc6 3.Bb5 g6 4.Bxc6 dxc6 5.h3 Bg7 6.d3 Nf6 7.Nc3 O-O 8.Be3 b6
9.Qd2 Re8 10.O-O-O e5 11.g4 Qd6 12.Nh2 Be6 13.f4 exf4 14.Bxf4 Qe7 15.Bh6 Bh8
16.Bg5 Qb7 17.Nf3 Nd7 18.Kb1 Qa6 19.b3 Qa3 20.Qe1 b5 21.Bc1 Qa5 22.Bb2 Qc7
23.Rf1 a5 24.Ng5 Nf8 25.Qh4 a4 26.e5 axb3 27.cxb3 Bxe5 28.Rde1 f6 29.Rxe5 Qxe5
30.Nce4 fxg5 31.Qh6 Qxb2+ 32.Kxb2 Re7 33.Qxg5 Rea7 34.Ra1 Bd5 35.Nxc5 b4
36.Qe5 Rf7 37.Re1 Rf2+ 38.Re2 Rxe2+ 39.Qxe2 Ra7 40.Qd2 Rf7 41.Qxb4 Rf2+ 42.Ka3 g5
43.Qe1 Rf3 44.Qe5 h6 45.Ne4 Nh7 46.Nd6 Nf8 47.Nf5 Ne6 48.Qf6 Rf4 49.Ne7+ Kh7
50.Qg6+  1-0

[Event "JUG-chT"]
[Site "Tivat"]
[Date "1995.??.??"]
[Round "2"]
[White "Solak, Dragan"]
[Black "Svicevic, Rastko"]
[Result "1-0"]
[WhiteElo "2240"]
[BlackElo "2265"]

1.e4 c5 2.Nf3 Nc6 3.Bb5 g6 4.Bxc6 dxc6 5.d3 Bg7 6.Nc3 Nf6 7.h3 O-O 8.Be3 Nd7
9.Qd2 e5 10.g4 b5 11.Ne2 Qe7 12.Ng3 a5 13.O-O-O a4 14.Bh6 Nb6 15.Rdg1 f6
16.Bxg7 Kxg7 17.Rh2 a3 18.b3 c4 19.Rhg2 cxb3 20.cxb3 Kh8 21.Nh4 Be6 22.Kb1 c5
23.Ngf5 Qf7 24.g5 fxg5 25.Qxg5 gxf5 26.Qh6 Rg8 27.Ng6+ Rxg6 28.Rxg6 Qd7 29.R1g3  1-0

[Event "JUG-chT (Women)"]
[Site "Tivat"]
[Date "1995.??.??"]
[Round "2"]
[White "Bojkovic, Natasa"]
[Black "Gaponenko, Inna"]
[Result "0-1"]
[WhiteElo "2425"]
[BlackElo "2365"]

1.e4 c5 2.Nf3 Nc6 3.Bb5 g6 4.O-O Bg7 5.Bxc6 dxc6 6.d3 Nf6 7.a4 a5 8.Nbd2 Bg4
9.h3 Bxf3 10.Qxf3 Nd7 11.Qe2 Nf8 12.f4 Ne6 13.c3 Qc7 14.f5 Nf4 15.Qf3 g5
16.Nc4 b5 17.Bxf4 gxf4 18.axb5 cxb5 19.f6 bxc4 20.fxg7 Rg8 21.dxc4 Rxg7 22.Qxf4 Qb6
23.Rf2 Rd8 24.Rd2 Rxd2 25.Qxd2 Rg6 26.e5 Kf8 27.Rf1 Kg8 28.Rf2 h6 29.Qd5 Rg7
30.Rd2 Kh7 31.Qe4+ Kh8 32.Qa8+ Kh7 33.Qe4+ Kh8 34.Qd3 Qe6 35.Qe4 Rg5 36.Re2 Qxh3
37.Qf4 Qd3 38.Qe4 Qd1+ 39.Kf2 e6 40.Qa8+ Kg7 41.Qe4 Rf5+ 42.Kg3 Qg1 43.b3 Rg5+
44.Kf3 Qf1+ 45.Ke3 Qd1 46.b4 axb4 47.cxb4 cxb4 48.Kf2 b3 49.c5 Qc1 50.Qd4 h5
51.Qb4 h4 52.Qxh4 b2 53.Re3 Rf5+ 54.Ke2 Qc2+  0-1

[Event "Tivat op"]
[Site "Tivat"]
[Date "1995.??.??"]
[Round "3"]
[White "Dujkovic, Sinisa"]
[Black "Knezevic, Bojan"]
[Result "1-0"]
[WhiteElo "2315"]
[BlackElo "2390"]

1.e4 c5 2.Nf3 Nc6 3.Bb5 Nf6 4.Nc3 g6 5.h3 d6 6.e5 dxe5 7.Nxe5 Qc7 8.Nxc6 bxc6
9.Bc4 Bg7 10.O-O Nd7 11.d3 Nb6 12.Bb3 c4 13.dxc4 Bxc3 14.c5 Bg7 15.cxb6 axb6
16.Qf3 O-O 17.c3 Bb7 18.Bf4 e5 19.Be3 Kh8 20.Qe2 f5 21.f3 c5 22.Rfd1 e4 23.f4 Ba6
24.Bc4 Bxc4 25.Qxc4 Rfd8 26.a4 g5 27.g3 gxf4 28.gxf4 Bh6 29.Qe6 Rg8+ 30.Kh1 Rg3
31.Rd7 Qc8 32.Qxf5 Qg8 33.Rg1 Rxg1+ 34.Bxg1 Rxa4 35.Qf6+ Bg7 36.Qxb6 Ra8
37.Bxc5 Qe8 38.Qd6 e3 39.Qe7 Qxe7 40.Rxe7 Bf8  1-0

[Event "Tivat op"]
[Site "Tivat"]
[Date "1995.??.??"]
[Round "5"]
[White "Pikula, Dejan"]
[Black "Lekic, Dusan"]
[Result "1-0"]
[WhiteElo "2450"]
[BlackElo "2370"]

1.e4 c5 2.Nf3 Nc6 3.Bb5 d6 4.d4 cxd4 5.Qxd4 Bd7 6.Bxc6 Bxc6 7.Nc3 Nf6 8.Bg5 e6
9.O-O-O Be7 10.Rhe1 O-O 11.Qd2 Qc7 12.Nd4 Rfd8 13.f4 Rab8 14.e5 dxe5 15.fxe5 Nd5
16.Ne4 Nb6 17.Nf6+ Kh8 18.Qf2 Nd5 19.Ne4 Qxe5 20.h4 Be8 21.Nf6 Qc7 22.Nxe6 fxe6
23.Nxd5 Bxg5+ 24.hxg5 Qf7 25.Nf4 Rxd1+ 26.Kxd1 e5 27.Nd3 Qxa2 28.Qf8+ Qg8
29.Qxg8+ Kxg8 30.Nxe5 a5 31.Kc1 b5 32.Rd1 b4 33.b3 a4 34.Rd4 Rb5 35.Re4 axb3
36.cxb3 Bg6 37.Nxg6 hxg6 38.g4 Kf7 39.Kd2 Rxg5 40.Rxb4 Ke6 41.Rd4 Rb5 42.Kc3 Ke5
43.b4 Rb7 44.Rc4 g5 45.Kb3 Rf7 46.b5 Kd5 47.Rc6 Rf1 48.Rg6 Rb1+ 49.Ka4 Kc4
50.Rc6+ Kd5 51.Ka5 Ra1+ 52.Kb6 Ra4 53.Rc5+ Ke6 54.Rxg5 Kf6 55.Rc5 Rxg4 56.Kc7 Rb4
57.b6 g5 58.b7 g4  1-0

[Event "JUG-chT (Women)"]
[Site "Tivat"]
[Date "1995.??.??"]
[Round "6"]
[White "Paramentic, Mila"]
[Black "Vuksanovic, Sanja"]
[Result "0-1"]
[WhiteElo "2095"]
[BlackElo "2320"]

1.e4 c5 2.Nf3 Nc6 3.Bb5 g6 4.O-O Bg7 5.c3 Nf6 6.Re1 O-O 7.d4 cxd4 8.cxd4 d5
9.e5 Ne4 10.Nbd2 Nxd2 11.Bxd2 Qb6 12.Bxc6 bxc6 13.Bc3 a5 14.b3 Bh6 15.Bd2 Bg7
16.h3 Rd8 17.Rc1 Bf8 18.Qc2 Bd7 19.Bg5 Rdc8 20.Red1 Qb4 21.Qd2 Qxd2 22.Rxd2 e6
23.Be3 Rcb8 24.Rdc2 a4 25.Nd2 Kg7 26.Rb1 Ra7 27.Kh2 h6 28.bxa4 Rba8 29.Nb3 Rxa4
30.Nc5 Bxc5 31.Rxc5 Rxa2 32.Rb7 R2a7 33.Rxa7 Rxa7 34.Rc1 g5 35.Rc3 Ra4 36.Kg3 Kg6
37.h4 Kf5 38.hxg5 hxg5 39.Kf3 g4+ 40.Kg3 f6 41.exf6 Kxf6 42.f4 gxf3 43.gxf3 e5
44.Rd3 Kf5 45.dxe5 Kxe5 46.Rd1 d4 47.Bh6 c5 48.Bf8 Kd5 49.Bg7 Ra8 50.Kf4 Rg8
51.Bh6 c4 52.Bg5 Rf8+ 53.Kg3 c3 54.Be3 Bc6 55.Rxd4+ Ke6 56.Rf4 Rd8 57.Rd4 Bd5
58.Rd1 Rf8 59.Bf4 c2 60.Rc1 Rc8 61.Re1+ Kf6 62.Kf2 Bb3 63.Bc1 Kf5 64.Re3 Be6
65.Re1 Rc5 66.Re2 Bd5 67.Re1 Bc4 68.Re3 Bb5 69.Re1 Rd5 70.Bb2 Rd2+ 71.Ke3 Rd1
72.Kf2 Rd2+ 73.Ke3 Rg2 74.Rc1 Kg5 75.Kd4 Bd7 76.Ke3 Bb5 77.Kd4 Kf4 78.Kc3 Ba4
79.Kb4 Bd7 80.Kc3 Bf5 81.Rf1 Ke3 82.Bc1+ Ke2 83.Rh1 Rg3 84.Rh2+ Kxf3 85.Rh1 Kg2+
86.Kb2 Kxh1 87.Bf4 Rf3 88.Bc1 Kg2 89.Bd2 Kf2 90.Bc1 Ke2 91.Bh6 Kd1 92.Bc1 Rb3+
93.Kxb3 Kxc1 94.Kc3 Kd1 95.Kd4 c1=Q 96.Ke5  0-1

[Event "Tivat op"]
[Site "Tivat"]
[Date "1995.??.??"]
[Round "6"]
[White "Subasic, Dragan"]
[Black "Knezevic, Bojan"]
[Result "0-1"]
[WhiteElo "2220"]
[BlackElo "2390"]

1.e4 c5 2.Nf3 Nc6 3.Bb5 e6 4.O-O Nge7 5.c3 a6 6.Ba4 b5 7.Bc2 Bb7 8.Re1 d5
9.d4 cxd4 10.cxd4 Nb4 11.Bb3 dxe4 12.Ng5 Nd3 13.Nc3 Nxe1 14.Nxf7 Kxf7 15.Qh5+ g6
16.Qe5 Qd7 17.Bg5 Bg7 18.Qf4+ Ke8 19.Nxe4 Bxe4 20.Qxe4 Qc6 21.d5 Nxd5 22.Rxe1 Kd7
23.a4 Rhf8 24.Rd1 Rf5 25.h4 Raf8 26.axb5 axb5 27.g4 Re5 28.Qb4 Rf7  0-1

[Event "JUG-chT"]
[Site "Tivat"]
[Date "1995.??.??"]
[Round "7"]
[White "Mackic, Zoran"]
[Black "Zakic, Srdjan"]
[Result "1-0"]
[WhiteElo "2430"]
[BlackElo "2345"]

1.e4 c5 2.Nf3 Nc6 3.Bb5 d6 4.d4 cxd4 5.Qxd4 Bd7 6.Bxc6 Bxc6 7.Bg5 Nf6 8.Bxf6 gxf6
9.Nc3 Rg8 10.O-O Qd7 11.Rfd1 Qg4 12.Ne1 f5 13.f3 Qh5 14.Nd5 Bg7 15.Qf2 Rc8
16.exf5 Qxf5 17.c4 e6 18.Ne3 Qh5 19.Rd2 Be5 20.Nf1 Qg5 21.Qxa7 h5 22.Rad1 h4
23.Qf2 Qf6 24.b3 Rg6 25.h3 Ke7 26.Nh2 Bf4 27.Ng4 Qg5 28.Re2 f5 29.Ne3 Kf7
30.Nd3 Bg3 31.Qf1 e5 32.Nb4 Rcg8 33.Ned5 Kg7 34.Kh1 Kh6 35.Nxc6 bxc6 36.Nb4 Bf4
37.Nxc6 Qg3 38.Qg1 R8g7 39.Nb4 e4 40.fxe4 fxe4 41.Rxe4 Kh7 42.Nd5 Be5 43.Ne3 Rf7
44.Ng4 Bf4 45.Rf1 Rxg4 46.hxg4 Qxg4 47.Qh2  1-0

[Event "JUG-chT"]
[Site "Tivat"]
[Date "1995.??.??"]
[Round "8"]
[White "Miljanic, Boro"]
[Black "Brkljaca, Ante"]
[Result "0-1"]
[WhiteElo "2380"]
[BlackElo "2325"]

1.e4 c5 2.Nf3 Nc6 3.Bb5 g6 4.c3 Nf6 5.e5 Nd5 6.Qe2 Nc7 7.Ba4 Bg7 8.O-O O-O
9.d4 cxd4 10.cxd4 d6 11.Rd1 Bd7 12.Nc3 d5 13.h3 Rc8 14.Bb3 e6 15.Bg5 f6 16.exf6 Bxf6
17.Bxf6 Qxf6 18.Ba4 Ne8 19.Bxc6 Bxc6 20.Re1 Ng7 21.Qd2 Qf4 22.Qd3 Rc7 23.Re5 Rcf7
24.Rae1 Qf6 25.R1e2 h6 26.Nh2 Kh7 27.Ng4 Qh4 28.Qd2 Rf4 29.R2e3 h5 30.g3 Qxh3
31.gxf4 Qxg4+ 32.Rg3 Qxf4 33.Qxf4 Rxf4 34.Ne2 Rf7 35.Rc3 Bb5 36.Rc8 Nf5 37.Rxe6 Bd7
38.Ree8 Bxc8 39.Rxc8 Re7  0-1

[Event "JUG-chT"]
[Site "Tivat"]
[Date "1995.??.??"]
[Round "9"]
[White "Brajovic, Radovan"]
[Black "Knezevic, Bojan"]
[Result "1-0"]
[WhiteElo "2385"]
[BlackElo "2340"]

1.e4 c5 2.Nf3 Nc6 3.Bb5 Nf6 4.Nc3 e5 5.Bxc6 dxc6 6.Nxe5 Nxe4 7.Nxe4 Qd5 8.O-O Qxe5
9.Re1 Be6 10.d3 O-O-O 11.Ng5 Qf5 12.Nxe6 fxe6 13.Qe2 Re8 14.a4 Bd6 15.a5 h5
16.Ra4 g5 17.Re4 e5 18.f3 Rhg8 19.Bd2 Re7 20.Bc3 Rge8 21.Bd2 Rg8 22.Bc3 Rge8
23.h3 Kd7 24.Bd2 Rg8 25.Bc3 Rge8 26.b4 cxb4 27.Bxb4 Bxb4 28.Rxb4 Kc8 29.Qe3 Kb8
30.Qc5 Qd7 31.Rbe4 Qd5 32.Qb4 Rg7 33.d4 c5 34.Qa4 Rge7 35.c4 Qd6 36.dxe5 Qe6
37.Qb5 Qc6 38.Qxc6 bxc6 39.e6 Kc7 40.Re5 Rg8 41.Rxc5 Kd6 42.Rce5 h4 43.c5+ Kc7
44.a6 Rg6 45.Kf2 Kc8 46.R1e4 Kb8 47.Rg4 Kc7 48.f4 Rgxe6 49.Rxe6 Rxe6 50.fxg5  1-0

[Event "JUG-chT"]
[Site "Tivat"]
[Date "1995.??.??"]
[Round "9"]
[White "Ristic, Nenad"]
[Black "Nikac, Predrag"]
[Result "0-1"]
[WhiteElo "2400"]
[BlackElo "2370"]

1.e4 c5 2.Nf3 Nc6 3.Bb5 g6 4.c3 Bg7 5.d4 Qb6 6.Bxc6 bxc6 7.O-O Nf6 8.Re1 O-O
9.h3 cxd4 10.cxd4 d6 11.Nc3 Rd8 12.Qc2 Rb8 13.b3 c5 14.Na4 Qb5 15.Bb2 cxd4
16.Nxd4 Qg5 17.Bc1 Qh5 18.Nc6 Bxh3 19.gxh3 Qxh3 20.Qc3 Qh5 21.Bb2 Rb5 22.Nxe7+ Kf8
23.Nd5 Re8 24.Re3 Re5 25.Qc8+ Re8 26.Nxf6 Rg5+ 27.Rg3 Bxf6 28.Qc6 Rxg3+ 29.fxg3 Bxb2
30.Nxb2 Qe5 31.Qc2 Qxg3+ 32.Qg2 Qh4 33.Nd3 Rxe4 34.Nf2 Re3 35.Kf1 Qh5 36.Rd1 Qe2+
37.Kg1 Qxa2 38.Rxd6 Qxb3 39.Qa8+ Re8 40.Qxa7 Qg3+ 41.Kf1 Qxd6  0-1

[Event "JUG-chT"]
[Site "Tivat"]
[Date "1995.??.??"]
[Round "11"]
[White "Brkljaca, Ante"]
[Black "Svicevic, Rastko"]
[Result "1/2-1/2"]
[WhiteElo "2325"]
[BlackElo "2265"]

1.e4 c5 2.Nf3 Nc6 3.Bb5 g6 4.O-O Bg7 5.Re1 Nf6 6.Nc3 O-O 7.e5 Ne8 8.Bxc6 bxc6
9.d3 Rb8 10.b3 Nc7 11.Bb2 Ne6 12.Ne4 d5 13.Nc3 Ba6 14.Qd2 Qc7 15.Ne2 c4 16.dxc4 Bxc4
17.Nf4 Ba6 18.Nxe6 fxe6 19.Nd4 Bc8 20.Qc3 Bxe5 21.Rxe5 Qxe5 22.Nxc6 Qxc3
23.Bxc3 Rb7 24.Be5 Bd7 25.Nd4 Rb6  1/2-1/2

[Event "Toronto op"]
[Site "Toronto"]
[Date "1995.??.??"]
[Round "5"]
[White "Rozentalis, Eduardas"]
[Black "Krnic, Zdenko"]
[Result "1/2-1/2"]
[WhiteElo "2600"]
[BlackElo "2450"]

1.e4 c5 2.Nf3 Nc6 3.Bb5 e6 4.O-O Nge7 5.Nc3 a6 6.Bxc6 Nxc6 7.d4 Nxd4 8.Nxd4 cxd4
9.Qxd4 f6 10.a4 b6 11.Be3 Bc5 12.Qd3 Qc7 13.Bxc5 Qxc5 14.Rfd1 Ra7 15.Ra3 Kf7
16.Rb3 Rc7 17.Qe3 Qxe3 18.fxe3 Rc6 19.Rd2 Ke7 20.Kf2  1/2-1/2

[Event "FRA-ch"]
[Site "Toulouse"]
[Date "1995.??.??"]
[Round "14"]
[White "Seret, Jean Luc"]
[Black "Prie, Eric"]
[Result "0-1"]
[WhiteElo "2405"]
[BlackElo "2480"]

1.e4 c5 2.Nf3 Nc6 3.Bb5 d6 4.O-O Bd7 5.Re1 Nf6 6.c3 a6 7.Bf1 Bg4 8.h3 Bxf3
9.Qxf3 g6 10.Qd1 Bg7 11.d4 cxd4 12.cxd4 d5 13.e5 Ne4 14.Be3 O-O 15.Nc3 Nxc3
16.bxc3 e6 17.g3 Rc8 18.h4 Na5 19.Rc1 Rc6 20.h5 Re8 21.hxg6 fxg6 22.Qf3 Qc7
23.Bh3 Qf7 24.Qg4 Nc4 25.f4 Rec8 26.Qe2 Bh6 27.Bf2 Na3 28.Qb2 Bf8 29.Bf1 Qc7
30.Re3 Nc4 31.Bxc4 Rxc4 32.Qe2 Rxd4 33.Qg4 Qf7 34.cxd4 Rxc1+ 35.Kg2 Qf5 36.Qf3 h5
37.Rb3 b5 38.a4 bxa4 39.Rb6 a5 40.Ra6 Bb4 41.Ra8+ Kh7 42.Ra7+ Kh6  0-1

[Event "Trelew Clarin-GP"]
[Site "Trelew"]
[Date "1995.??.??"]
[Round "8"]
[White "Malbran, Guillermo"]
[Black "Sorokin, Maxim"]
[Result "1/2-1/2"]
[WhiteElo "2355"]
[BlackElo "2550"]

1.e4 c5 2.Nf3 Nc6 3.Bb5 d6 4.O-O Bd7 5.Re1 Nf6 6.c3 a6 7.Bf1 Bg4 8.h3 Bh5
9.d4 Bxf3 10.gxf3 g6 11.dxc5 dxc5 12.Qxd8+ Rxd8 13.Be3 e6 14.Nd2 Ne5 15.Kg2 g5
16.Red1 Nh5 17.Nc4 Nxc4 18.Bxc4 Nf4+ 19.Bxf4 gxf4 20.Rxd8+ Kxd8 21.Rd1+ Kc7
22.a4 Bg7 23.Kf1 Rb8 24.Ra1 Bf6 25.Be2 Rd8 26.Rd1 Kb6 27.Rxd8 Bxd8 28.Bd1 Ka5
29.Ke1 Bf6 30.Bc2 h6 31.Kd2 Bh4 32.Ke1 b5 33.axb5 axb5 34.Bd1 Bd8 35.Kd2 Bb6
36.Ke1 Bc7 37.Kd2 Bd6 38.Ke1 Bf8 39.Kd2 Be7 40.Ke1 Bf6 41.Kd2 b4 42.Bb3 Bh4
43.Ke1 Kb5 44.Ke2 c4 45.Bd1 Be7 46.Kd2 Bc5 47.Be2 b3 48.Kd1 Bxf2 49.Bf1  1/2-1/2

[Event "SVK-ch"]
[Site "Trencin"]
[Date "1995.??.??"]
[Round "3"]
[White "Oral, Tomas"]
[Black "Jelen, Peter"]
[Result "1-0"]
[WhiteElo "2410"]
[BlackElo "2105"]

1.e4 c5 2.Nf3 Nc6 3.Bb5 g6 4.Bxc6 dxc6 5.h3 Bg7 6.d3 Nf6 7.Nc3 O-O 8.Be3 b6
9.Qd2 Re8 10.Bh6 Bh8 11.e5 Nd5 12.Ne4 Bf5 13.O-O-O a5 14.g4 Be6 15.Rdg1 Qc7
16.h4 Red8 17.h5 a4 18.hxg6 fxg6 19.Neg5 a3 20.b3 Bc8 21.Re1 Bxg4 22.Nxh7 Bxf3
23.Qg5 Rd6 24.Rh3 Re6 25.Rxf3 Bxe5 26.Nf6+ Rxf6 27.Rxf6 exf6 28.Qxg6+ Kh8
29.Rh1 Bb2+ 30.Kd2 Bc3+ 31.Kd1  1-0

[Event "Turku"]
[Site "Turku"]
[Date "1995.??.??"]
[Round "?"]
[White "Westerinen, Heikki MJ"]
[Black "Leino, Jukka"]
[Result "1/2-1/2"]
[WhiteElo "2405"]
[BlackElo "2200"]

1.e4 c5 2.Nf3 Nc6 3.Bb5 d6 4.O-O Bd7 5.c3 a6 6.Ba4 Nf6 7.Re1 c4 8.h3 e6 9.Bc2 Qc7
10.b3 b5 11.a4 Rc8 12.axb5 axb5 13.Na3 Ne5 14.Nd4 Rb8 15.Rb1 Be7 16.bxc4 bxc4
17.Rxb8+ Qxb8 18.Qe2 Qc7 19.f4 O-O 20.fxe5 dxe5 21.Nxc4 exd4 22.cxd4 Rc8
23.d3 Bb5 24.Bb3 Bb4 25.Rf1 Bc3 26.Bb2 Bxb2 27.Qxb2 Nxe4 28.dxe4 Bxc4 29.Rc1 Qb7
30.Qc3 Ba6 31.Qxc8+ Qxc8 32.Rxc8+ Bxc8 33.Kf2 Kf8 34.Ke3 Ke7 35.e5 Bb7 36.g3 h6
37.h4 Bc6 38.Kf4 Bb7 39.g4 Bc6 40.g5 hxg5+ 41.hxg5 Bb7 42.Ke3 Bc6 43.Kd3 Bb7
44.Kc3 Be4 45.Kd2 Bb7 46.Bc2 Bc6 47.Kc3 Bb7 48.Kc4 Bf3 49.Kc5 Bg2  1/2-1/2

[Event "American op"]
[Site "USA"]
[Date "1995.??.??"]
[Round "7"]
[White "Evans, Larry D"]
[Black "Shaked, Tal"]
[Result "1/2-1/2"]
[WhiteElo "2315"]
[BlackElo "2385"]

1.e4 c5 2.Nf3 Nc6 3.Bb5 g6 4.O-O Bg7 5.Re1 Nf6 6.e5 Nd5 7.Nc3 Nc7 8.Bxc6 dxc6
9.Ne4 Ne6 10.d3 O-O 11.Be3 b6 12.Qd2 Nd4 13.Nxd4 cxd4 14.Bh6 f5 15.exf6 exf6
16.Bxg7 Kxg7 17.Qf4 Qd5 18.Nd6 Be6 19.Qe4  1/2-1/2

[Event "Val Thorens op"]
[Site "Val Thorens"]
[Date "1995.??.??"]
[Round "?"]
[White "Claverie, Christophe"]
[Black "Horvath, J."]
[Result "0-1"]
[WhiteElo "2305"]
[BlackElo "2510"]

1.e4 c5 2.Nf3 Nc6 3.Bb5 g6 4.O-O Bg7 5.d3 Nf6 6.Re1 O-O 7.Bxc6 dxc6 8.h3 Ne8
9.e5 Nc7 10.Nc3 Ne6 11.Ne4 b6 12.Be3 Nd4 13.Bf4 a5 14.Nxd4 cxd4 15.Qd2 Qd5
16.Ng3 Re8 17.Re4 c5 18.Rae1 Bb7 19.f3 Qxa2 20.Bh6 Bxe4 21.Bxg7 Kxg7 22.Rxe4 f5
23.Rh4 Qg8 24.Qg5 Kh8 25.Rh6 Qg7 26.f4 e6 27.Kf2 a4 28.h4 Qe7 29.Qxg6 Qg7
30.Qg5 b5 31.Nh5 Qxg5 32.fxg5 b4 33.Rf6 Ra7 34.g6 a3 35.bxa3 bxa3 36.Nf4 a2  0-1